Southville International School and Colleges
Your cart is empty.
  • Cart
  • Lists
    Public lists Eva Luna New books Lux_list list_1
    Your lists Log in to create your own lists
  • Log in to your account
  • Your cookies
  • Search history
Southville International School and Colleges
  • Advanced search
  • Recent comments
  • Most popular
  • Libraries

Log in to your account

Log in with GOOGLE


If you do not have an external account, but do have a local account, you can still log in:

  1. Home
  2. MARC view: Bioethics and moral decisions /
Normal view MARC view ISBD view

Bioethics and moral decisions / (Record no. 291215)

[ view plain ]
MARC details
000 -LEADER
fixed length control field 00667nam a2200241Ia 4500
008 - FIXED-LENGTH DATA ELEMENTS--GENERAL INFORMATION
fixed length control field 160303s9999 xx 000 0 und d
020 ## - INTERNATIONAL STANDARD BOOK NUMBER
International Standard Book Number 971-118-135-5
050 ## - LIBRARY OF CONGRESS CALL NUMBER
Classification number FIL QH 332
050 ## - LIBRARY OF CONGRESS CALL NUMBER
Item number .T56 1993 c.2
100 ## - MAIN ENTRY--PERSONAL NAME
Personal name Timbreza, Florentino.
245 ## - TITLE STATEMENT
Title Bioethics and moral decisions /
245 ## - TITLE STATEMENT
Statement of responsibility, etc Florentino Timbreza.
260 ## - PUBLICATION, DISTRIBUTION, ETC. (IMPRINT)
Place of publication, distribution, etc Manila:
260 ## - PUBLICATION, DISTRIBUTION, ETC. (IMPRINT)
Name of publisher, distributor, etc De La Salle University Press, Inc.,
260 ## - PUBLICATION, DISTRIBUTION, ETC. (IMPRINT)
Date of publication, distribution, etc 1993
300 ## - PHYSICAL DESCRIPTION
Extent 239 pages :
300 ## - PHYSICAL DESCRIPTION
Other physical details illustrations ;
300 ## - PHYSICAL DESCRIPTION
Dimensions 23 cm.
500 ## - GENERAL NOTE
General note Includes bibliographical referfences and index.
650 ## - SUBJECT ADDED ENTRY--TOPICAL TERM
Topical term or geographic name as entry element Business ethics --
650 ## - SUBJECT ADDED ENTRY--TOPICAL TERM
Topical term or geographic name as entry element Medical ethics.
650 ## - SUBJECT ADDED ENTRY--TOPICAL TERM
General subdivision Study and teaching.
Holdings
Withdrawn status Lost status Damaged status Home library Current library Shelving location Date acquired Cost, normal purchase price Total Checkouts Full call number Barcode Date last seen Price effective from Koha item type
      South Mansfield College South Mansfield College Filipiniana Section 03/07/2005 210.00   FIL QH 332 .T56 1993 c.2 SMC00432 03/03/2016 03/03/2016  

Bioethics and moral decisions /

APA

Timbreza F., .Bioethics and moral decisions. Manila: .

Chicago

Timbreza Florentino, .Bioethics and moral decisions. Manila: .

Harvard

Timbreza F., .Bioethics and moral decisions. Manila: .

MLA

Timbreza Florentino, .Manila: . .

  • Place hold
  • Print
  • Cite
  • Add to your cart (remove)
  • Save record
    BIBTEX Dublin Core MARCXML MARC (non-Unicode/MARC-8) MARC (Unicode/UTF-8) MARC (Unicode/UTF-8, Standard) MODS (XML) RIS
  • More searches
    Search for this title in:
    Other Libraries (WorldCat) Other Databases (Google Scholar) Online Stores (Bookfinder.com) Open Library (openlibrary.org)

Exporting to Dublin Core...

SOUTHVILLE LIBRARY

Southville International School and Colleges Library

1281 Tropical Ave. Cor. Luxembourg St., BF Homes International, Las Pinas City

Tel. No. 8256374 / 252358 Loc. 117/146

Powered by Koha